Slovník vědeckého komunismu

Salvato in:
Dettagli Bibliografici
Natura: Libro
Lingua:ceco
Pubblicazione: Praha Svoboda 1979
Edizione:2. vyd.
Tags: Aggiungi Tag
Nessun Tag, puoi essere il primo ad aggiungerne!!

MARC

LEADER 00000nam a2200000 4500
001 0221817
005 20240822101659.1
041 0 |a cze 
044 |a CZ 
245 1 0 |a Slovník vědeckého komunismu 
250 |a 2. vyd. 
264 1 |a Praha  |b Svoboda  |c 1979 
300 |a 317 s.